Carl Milles (Record no. 1392)

MARC details
000 -CABECERA
campo de control de longitud fija 00863nam a2200229 a 4500
001 - NÚMERO DE CONTROL
campo de control BRCA_1550
005 - FECHA Y HORA DE LA ÚLTIMA TRANSACCIÓN
campo de control 20190320203452.0
008 - DATOS DE LONGITUD FIJA--INFORMACIÓN GENERAL
campo de control de longitud fija 960424s1995 mx-a---##b---#000-0#spa-d
020 ## - NÚMERO INTERNACIONAL ESTÁNDAR DEL LIBRO
Número Internacional Estándar del Libro 9682982596
040 ## - FUENTE DE LA CATALOGACIÓN
Centro catalogador/agencia de origen CMalG
Centro/agencia transcriptor CMalG
Centro/agencia modificador DLC
050 #4 - SIGNATURA TOPOGRÁFICA DE LA BIBLIOTECA DEL CONGRESO
Número de clasificación NB793
Número de documento/Ítem .M55 1995
100 1# - ENTRADA PRINCIPAL--NOMBRE DE PERSONA
Nombre de persona Milles, Carl
Fechas asociadas al nombre 1875-1955
9 (RLIN) 4983
245 10 - MENCIÓN DE TÍTULO
Título Carl Milles
Resto del título esculturas.
260 ## - PUBLICACIÓN, DISTRIBUCIÓN, ETC.
Lugar de publicación, distribución, etc. México
Nombre del editor, distribuidor, etc. CONACULTA : INBA
Fecha de publicación, distribución, etc. 1995
300 ## - DESCRIPCIÓN FÍSICA
Extensión 80 p.
Otras características físicas il. (algunas a color)
Dimensiones 30 cm.
500 ## - NOTA GENERAL
Nota general Catálogo de la exposición realizada en el Museo del Palacio de Bellas Artes : Sala Diego Rivera (Ciudad de México), septiembre 1995 - enero 1996
500 ## - NOTA GENERAL
Nota general Incluye lista de las esculturas exhibidas y de los dibujos exhibidos
504 ## - NOTA DE BIBLIOGRAFÍA, ETC.
Nota de bibliografía, etc. Bibliografía: p. 78
600 14 - PUNTO DE ACCESO ADICIONAL DE MATERIA--NOMBRE DE PERSONA
Nombre de persona Milles, Carl
Fechas asociadas al nombre 1875-1955
Subdivisión de forma Exposiciones
9 (RLIN) 4984
650 14 - PUNTO DE ACCESO ADICIONAL DE MATERIA--TÉRMINO DE MATERIA
Término de materia o nombre geográfico como elemento de entrada Escultura
Subdivisión de forma Exposiciones
Subdivisión geográfica México
9 (RLIN) 4985
942 ## - ELEMENTOS DE PUNTO DE ACCESO ADICIONAL (KOHA)
Fuente del sistema de clasificación o colocación Library of Congress Classification
Tipo de ítem Koha Libros
Holdings
Estado de retiro Estado de pérdida Estado dañado No para préstamo Localización permanente Ubicación/localización actual Fecha de adquisición Total de préstamos Signatura topográfica completa Código de barras Fecha visto por última vez Precio válido a partir de Tipo de ítem Koha
El ejemplar forma parte de la colección y puede ser consultado según las políticas vigentes.       Biblioteca del Museo Franz Mayer (Rogerio Casas-Alatriste) Biblioteca del Museo Franz Mayer (Rogerio Casas-Alatriste) 26/06/2008   NB793 .M55 1995 02108 22/03/2019 22/03/2019 Libros